Chapman Library

Story of the Old Testament: men with a message (Record no. 6029)

000 -LEADER
fixed length control field 00307nam a22001097a 4500
020 ## - INTERNATIONAL STANDARD BOOK NUMBER
ISBN 0801012309
050 ## - LIBRARY OF CONGRESS CALL NUMBER
Classification number BS 703 mor
245 ## - TITLE STATEMENT
Title Story of the Old Testament: men with a message
260 ## - PUBLICATION, DISTRIBUTION, ETC. (IMPRINT)
Place of publication Grand Rapids, Michigan
Name of publisher Baker Books
Year of publication 2011
300 ## - PHYSICAL DESCRIPTION
Number of Pages 191p.;includes illustrations & index
942 ## - ADDED ENTRY ELEMENTS (KOHA)
Koha item type Books
Holdings
Koha item type Collection code Shelving location Accession Number Permanent Location Current Location Date acquired Full call number
BooksLendingBook Cart7655Chapman LibraryChapman Library2018-10-11BS 703 mor


CSUC Chapman Library is a Koha Automated Library.


Contact us: library@csuc.edu.gh.